| 000 | 00842nam a2200229Ia 4500 | ||
|---|---|---|---|
| 999 |
_c36372 _d36372 |
||
| 001 | 2284 | ||
| 003 | GE_BSU | ||
| 005 | 20190430114053.0 | ||
| 008 | 181216s2010||||ge |||||||||||||| ||geo|| | ||
| 040 | _cGE_BSU | ||
| 041 | _ageo | ||
| 080 | _a616–07(075.8) გ–44 | ||
| 100 |
_aგვანცელაძე, ვაჟა _9526 |
||
| 245 | _aშინაგანი სნეულებები და მედდის მოვალეობა / | ||
| 264 |
_aთბილისი, _c2010 |
||
| 300 |
_a540გვ.; _b19სმ. |
||
| 653 | _aმედიცინა | ||
| 653 | _aმედდის მოვალეობა | ||
| 653 | _aშინაგანი სნეულებები | ||
| 700 |
_aკალანდარიშვილი, გიორგი. _eავტორი _9527 |
||
| 942 |
_cBK _2udc |
||